Fr. Conceicao Rodrigues College of Engineering

Network Security (Record no. 35277)

MARC details
000 -LEADER
fixed length control field 00288nam a2200145Ia 4500
082 ## - DEWEY DECIMAL CLASSIFICATION NUMBER
Classification number 5.8
Item number MAI
100 ## - MAIN ENTRY--PERSONAL NAME
Personal name Maiwald/Eric
250 ## - EDITION STATEMENT
Edition statement 2
245 ## - TITLE STATEMENT
Title Network Security
260 ## - PUBLICATION, DISTRIBUTION, ETC.
Name of publisher, distributor, etc. Tata Mc Graw hill
Date of publication, distribution, etc. 2003
300 ## - PHYSICAL DESCRIPTION
Extent 475
546 ## - LANGUAGE NOTE
Language note ENGLISH
654 ## - SUBJECT ADDED ENTRY--FACETED TOPICAL TERMS
Focus term network
942 ## - ADDED ENTRY ELEMENTS (KOHA)
Koha item type BOOK
Holdings
Withdrawn status Lost status Damaged status Not for loan Collection Home library Current library Date acquired Total Checkouts Full call number Barcode Date last seen Price effective from Koha item type
        CRC Fr. Agnel's C.Rodrigues College of Engineering Fr. Agnel's C.Rodrigues College of Engineering 17/03/2023   5.8 MAI 14650 17/03/2023 17/03/2023 BOOK